Towns and cities: guess the region (7) - Statistics

General Stats
  • This quiz has been taken 8 times
  • The average score is 16 of 20
Answer Stats
Hint Explanation Answer % Correct
Doha Qatar Ad Dawhah
100%
Bangalore India Karnataka
100%
Shenyang China Liaoning
100%
Blois France Loir-et-Cher
100%
Hongseong-gun South Korea South Chungcheong
100%
Novi Sad Serbia Vojvodina
100%
Kumasi Ghana Ashanti
83%
Toledo Spain Castilla-La Mancha
83%
Tournai Belgium Hainault
83%
Lomé Togo Maritime
83%
Belo Horizonte Brazil Minas Gerais
83%
Uzhhorod Ukraine Volyn Oblast
83%
Timiaouine Algeria Bordj Baji Mokhtar
67%
Petaluma USA California
67%
Nieuw-Amsterdam Suriname Commewijne
67%
Ndoukoula Cameroon Extrême-Nord
67%
Xagħra Malta Gozo
67%
Ma'arrat Nu'man Syria Idlib
67%
Ocotal Nicaragua Nueva Segovia
67%
Athlone Ireland Westmeath
67%
No matching quizzes found
Score Distribution
Percent of People with Each Score
Percentile by Number Answered
Your Score History
You have not taken this quiz